000 00195 a2200097 4500
001 42726
100 _aPowell
245 _aPrehistoric Art
260 _aLondon
_bHames
_c
090 _c26618
_d26618
942 _aNUST-CAE
_cM
_c18467
999 _c277799
_d277799